000 00343 a2200157 4500
001 57497
020 _a8532516432
040 _cAnchieta - Pituba
100 _aRebouças, Thalita
240 1 0 _aTudo por um pop star
_lpor
245 1 0 _aTudo por um pop star
300 _a167
362 0 _a2003
650 4 _aLiteratura juvenil
942 _cBK
999 _c57497
_d57497